Análisis vectorial

Guardat en:
Dades bibliogràfiques
Autor principal: Brand, Louis (Autor)
Format: Llibre
Idioma:espanyol
Publicat: Ciudad de México Continental 1959
Matèries:
Etiquetes: Afegir etiqueta
Sense etiquetes, Sigues el primer a etiquetar aquest registre!

MARC

LEADER 00000nam a2200000 a 4500
001 UCU3200
003 CL-VaPUC
008 960502e19590000MX |||||||||||||||||spa|d
082 0 4 |a 515.63  |b BRA  |2 21 
100 0 |a Brand, Louis  |e author  |9 359994 
245 1 0 |a Análisis vectorial 
300 |a 333 p 
942 |c BK 
945 |d 19960502 00:00:00  |a paguirre 
260 |a Ciudad de México  |b Continental  |c 1959 
650 0 |a Análisis vectorial   |9 260451 
650 0 |a Cálculo  |9 260234 
650 0 |a Álgebra vectorial   |9 269971 
650 0 |a Cálculo diferencial   |9 260102 
650 0 |a Cálculo integral  |9 260103 
650 0 |a Vectores  |9 317184 
583 |a last modification  |c 20160104 00:44:40  |k Rodrigo Vera 
999 |c 247290  |d 247288 
952 |0 0  |1 0  |4 0  |6 515_630000000000000_BRA_1959  |7 0  |8 A  |9 263050  |a BIBMAT  |b BIBMAT  |d 2019-11-19  |i 268103K  |o 515.63 BRA 1959  |p 268103K  |r 2025-01-07  |w 2019-11-19  |y BK  |k MAT